| 000 | 00811nam a2200229 a 4500 | ||
|---|---|---|---|
| 001 | 2931008 | ||
| 005 | 19900724080645.9 | ||
| 008 | 890314s1988 enk 000 0 eng | ||
| 010 | _a 89122057 | ||
| 020 | _a0948695080 : | ||
| 040 |
_aDLC _cDLC _dDLC |
||
| 082 | 0 | 0 |
_a398.210962 _222 _bSET |
| 100 | 2 |
_aSeton-Williams, M. V. _930786 |
|
| 245 | 1 | 0 |
_aEgyptian Legends and Stories / _cM.V. Seton-Williams. |
| 260 |
_aLondon : _bRubicon Press, _c1988. |
||
| 300 |
_a144 p. ; _c24 cm. |
||
| 650 | 0 |
_aLegends _zEgypt. _930787 |
|
| 653 |
_bENG _cJuly2012 |
||
| 942 |
_2ddc _cBB |
||
| 999 |
_c16919 _d16919 |
||